| 000 | 00576nam a2200217 i 4500 | ||
|---|---|---|---|
| 001 | 147065 | ||
| 003 | ES-MaACL | ||
| 005 | 20230906201804.0 | ||
| 007 | t| | ||
| 008 | 070921s1952 sp ||||1| spa d | ||
| 080 | _a621.396(02) | ||
| 100 | 1 |
_aDarkness, R. J. _942731 |
|
| 245 | 1 | 0 |
_aRadio Curso / _cR.J. de Darkness [seud.]. |
| 250 | _a1ª ed. | ||
| 260 |
_aBarcelona : _bBruguera, _c1952. |
||
| 300 |
_a228 p. : _bil. ; _c19 cm. |
||
| 490 | 1 | _aTécnica al día | |
| 830 | 0 |
_aTécnica al día _9187437 |
|
| 852 |
_aES-MaACL _jD-5624 _bR.32536 |
||
| 999 |
_c147065 _d147065 |
||